MARC details
| 000 -CABECERA |
| campo de control de longitud fija |
06023nam a22004094i 4500 |
| 001 - NÚMERO DE CONTROL |
| campo de control |
991061604944406706 |
| 003 - IDENTIFICADOR DEL NÚMERO DE CONTROL |
| campo de control |
ES-BaIT |
| 005 - FECHA Y HORA DE LA ÚLTIMA TRANSACCIÓN |
| campo de control |
20260217103219.0 |
| 008 - DATOS DE LONGITUD FIJA--INFORMACIÓN GENERAL |
| campo de control de longitud fija |
260203e2024 sp a||| |||| 001 0 spa|c |
| 017 ## - NÚMERO DE COPYRIGHT O DE DEPÓSITO LEGAL |
| Número de copyright o de depósito legal |
DL SG 245-2024 |
| Agencia que asigna |
Oficina de Segovia |
| 020 ## - NÚMERO INTERNACIONAL ESTÁNDAR DEL LIBRO |
| Número Internacional Estándar del Libro |
9788418782589 |
| 040 ## - FUENTE DE LA CATALOGACIÓN |
| Centro catalogador/agencia de origen |
ES-BaIT |
| Lengua de catalogación |
cat |
| Normas de descripción |
rda |
| Centro/agencia transcriptor |
ES-BaIT |
| 041 1# - CÓDIGO DE LENGUA |
| Código de lengua del texto/banda sonora o título independiente |
spa |
| Código de lengua original |
ita |
| 080 ## - NÚMERO DE LA CLASIFICACIÓN DECIMAL UNIVERSAL |
| Número de la Clasificación Decimal Universal |
792.028 |
| 100 ## - ENTRADA PRINCIPAL--NOMBRE DE PERSONA |
| Nombre de persona |
Castellucci, Claudia, |
| Fechas asociadas al nombre |
1958- |
| Término indicativo de función/relación |
autor |
| 9 (RLIN) |
129150 |
| 240 1# - TÍTULO UNIFORME |
| Título uniforme |
Seta. |
| Lenguaje de la obra |
Castellà |
| 9 (RLIN) |
168475 |
| 245 10 - MENCIÓN DE TÍTULO |
| Título |
Secta : |
| Resto del título |
escuela de técnica dramática / |
| Mención de responsabilidad, etc. |
Claudia Castellucci ; traducción de Cristina Lesmes y Belén Tortosa |
| 250 ## - MENCIÓN DE EDICIÓN |
| Mención de edición |
Primera edición |
| 264 #1 - PRODUCCIÓN, PUBLICACIÓN, DISTRIBUCIÓN, FABRICACIÓN Y COPYRIGHT |
| Producción, publicación, distribución, fabricación y copyright |
Segovia : |
| Nombre del de productor, editor, distribuidor, fabricante |
Ediciones la Una Rota, |
| Fecha de producción, publicación, distribución, fabricación o copyright |
diciembre de 2024 |
| 300 ## - DESCRIPCIÓN FÍSICA |
| Extensión |
532 pàgines : |
| Otras características físicas |
il·lustracions ; |
| Dimensiones |
23 cm |
| 336 ## - TIPO DE CONTENIDO |
| Término de tipo de contenido |
text |
| Código de tipo de contenido |
txt |
| Fuente |
rdacontent |
| 337 ## - TIPO DE MEDIO |
| Nombre/término del tipo de medio |
sense mediació |
| Código del tipo de medio |
n |
| Fuente |
rdamedia |
| 338 ## - TIPO DE SOPORTE |
| Nombre/término del tipo de soporte |
volum |
| Código del tipo de soporte |
nc |
| Fuente |
rdacarrier |
| 490 1# - MENCIÓN DE SERIE |
| Mención de serie |
Libros del apuntador |
| 500 ## - NOTA GENERAL |
| Nota general |
Títol original: Seta : scuola di tecnica drammatica |
| 520 ## - SUMARIO, ETC. |
| Sumario, etc. |
"Después de muchos años de proteicas experiencias didácticas, el cofundador de las Socìetas Raffaello Sanzio ha compuesto un completo y riguroso manual de técnica dramática dividido en cincuenta y nueve jornadas y dieciocho temas (de la Cataléctica a la Vocalidad, de la Psicología de la Duración a la Fantasía), que contiene trescientos noventa y seis ejercicios y veintinueve discursos. La autora (o «scolarca», como prefiere llamarse), advirtiendo desde la primera página «a quien practique estos ejercicios que los considere un método», precisa que «debe utilizarse inmediatamente, es decir, seguirse en la práctica, día tras día, sin esperar a haberlo leído todo».En Secta se entrelazan hábilmente indicaciones sobre la «neutralización» iconoclasta del espacio de trabajo y frases de y sobre Yves Klein, ejercicios de desarticulación y a-ritmias de los miembros y experiencias de recitación consonántica del Cántico espiritual de Juan de la Cruz, el Alcibíades de Platón y la escucha de canciones infantiles gabonesas mientras se toma el té.Y mucho más, realmente imposible de resumir aquí. La de Claudia Castellucci es una obra compleja y sistemática que, a pesar de sus profundas diferencias, quizá pueda inscribirse en la fértil tradición pedagógica que está en la base de las revoluciones teatrales de principios del siglo XX, cuando algunos «libros-teatro» fundacionales contribuyeron a definir y al mismo tiempo a hacer evolucionar esta disciplina (basta pensar en La obra de arte viva de Appia, El trabajo del actor sobre sí mismo de Stanislavski, El teatro y su doble de Artaud).La ermitaña profesora de Cesena concreta su propuesta con una cantidad de diagramas y dibujos, siempre atenta a apagar «toda inclinación sentimental», entendiendo la escuela como un espacio común, pero no comunitario (no afectivo):«La soledad se instituye con los demás; no es un problema que resolver con la presencia del otro. Es una dimensión de la verdad que se experimenta con los demás, que, de este modo, dejan de ser responsables de su eliminación para ser, más bien, cómplices de su manifestación. Es entonces cuando comienza realmente la amistad: cuando deja de ser un objetivo y pasa a ser, de forma objetiva, simplemente un don, un regalo límpido y azul»." Michele Pascarella «Hystrio»15 desembre 2015 |
| 520 ## - SUMARIO, ETC. |
| Sumario, etc. |
"Un ensayo sobre la escuela, sobre cómo utilizar el arte. Un libro necesario en los tiempos que corren. Claudia Castellucci, referente indiscutible de la escena europea. Secta tiene una finalidad clara y manifiesta: la escuela. Y una estructura íntimamente ligada a esta finalidad: los ejercicios y las jornadas. El cuaderno de ejercicios diarios que lo compone se despliega hacia la fundación de una escuela de técnica dramática, pero una escuela que: a) no es la escuela del artista; b) no es un lugar donde se aprende a actuar de la mano de maestros del arte de la interpretación; c) ni siquiera es un lugar; d) es una dimensión del saber, no un nexo en la transmisión del saber. Claudia Castellucci propone, así, un espacio colectivo pero no comunitario (es decir, no afectivo) destinado al desarrollo de un conocimiento agonístico (es decir, no pacificado) de la realidad, equidistante de cualquier tentación de carácter magisterial así como de esa tradición pasiva y apresurada que consiste en destilar con devoción un legado de la propia experiencia, y sobre todo atenta al mecanismo paradójico de la «secta»: un procedimiento acrítico estructuralmente destinado a producir las condiciones subjetivas de la acción. Incluso de la acción teatral. «Los estudios teatrales en el ámbito hispánico están de celebración, pues esta edición de Secta. Escuela de técnica dramática en lengua española abre un nuevo camino en la investigación en artes escénicas en el contexto hispánico y se integra de manera significativa como un eslabón más en la cadena de relaciones que la escuela establece, enriqueciendo así el panorama teatral actual». Cristina Lesmes, del prólogo «Esto que ahora tienes en tus manos es un manual sobre cómo utilizar el arte. Un libro necesario en los tiempos que corren. De eso, precisamente, trata Secta. Escuela de técnica dramática: de necesidad. De utilidad y de belleza. Sus páginas nos invitan a desprendernos de lo sabido y lo aprendido para generar nuevas formas de estar, de escuchar, de ver… y también de hacer en común, pues Secta nos interroga sobre nuestra relación con el otro y nos apremia a mirar con ojos nuevos». Belén Tortosa, de su introducción " -- Contracoberta |
| 650 #0 - PUNTO DE ACCESO ADICIONAL DE MATERIA--TÉRMINO DE MATERIA |
| Término de materia o nombre geográfico como elemento de entrada |
Interpretació |
| Subdivisión general |
Exercicis |
| 9 (RLIN) |
68194 |
| 650 #0 - PUNTO DE ACCESO ADICIONAL DE MATERIA--TÉRMINO DE MATERIA |
| Término de materia o nombre geográfico como elemento de entrada |
Interpretació |
| Subdivisión general |
Filosofia |
| 9 (RLIN) |
133432 |
| 700 1# - ENTRADA AGREGADA--NOMBRE PERSONAL |
| Nombre de persona |
Lesmes, Cristina |
| Término indicativo de función/relación |
traductor |
| 9 (RLIN) |
168478 |
| 700 1# - ENTRADA AGREGADA--NOMBRE PERSONAL |
| Nombre de persona |
Tortosa, Belén |
| Término indicativo de función/relación |
traductor |
| 9 (RLIN) |
168479 |
| 830 ## - PUNTO DE ACCESO ADICIONAL DE SERIE-TÍTULO UNIFORME |
| Título uniforme |
Libros del apuntador |
| 9 (RLIN) |
97655 |
| 856 42 - LOCALIZACIÓN Y ACCESO ELECTRÓNICOS |
| Nota pública |
Ressenya |
| Identificador Uniforme del Recurso |
<a href="https://doi.org/10.30827/impossibilia.302025.34221">https://doi.org/10.30827/impossibilia.302025.34221</a> |
| 908 ## - COLOCAR PARÁMETRO DE COMANDO (RLIN) |
| Colocar parámetro de comando |
CDMAE |
| 940 ## - EQUIVALENCIA O REFERENCIA-CRUZADA--TÍTULO UNIFORME [OBSOLETO] [solamente CAN/MARC] |
| Título uniforme |
<a href="CVA2">CVA2</a> |
| 942 ## - ELEMENTOS DE ENTRADA AGREGADA (KOHA) |
| Fuente del sistema de clasificación o colocación |
Clasificación decimal universal |
| Tipo de ítem Koha |
Llibre |